header

Dyslexia, learning, and the brain (Record no. 38697)

MARC details
000 -LEADER
fixed length control field 01520nam a22003494a 4500
082 04 - DEWEY DECIMAL CLASSIFICATION NUMBER
Classification number 616.85/53
100 1# - MAIN ENTRY--AUTHOR NAME
Personal name Nicolson, Rod.
245 10 - TITLE STATEMENT
Title Dyslexia, learning, and the brain
260 ## - PUBLICATION, DISTRIBUTION, ETC. (IMPRINT)
Place of publication Cambridge, Mass. :
Name of publisher MIT Press,
Year of publication c2008.
300 ## - PHYSICAL DESCRIPTION
Number of Pages xx, 283 p. :
Other physical details ill.
505 0# - FORMATTED CONTENTS NOTE
Formatted contents note Theoretical explanations of developmental dyslexia -- Reading and learning -- Dyslexia and automaticity -- Dyslexia and the cerebellum -- Dyslexia and development -- Dyslexia in 2006 -- Dyslexia, learning, and neural systems -- Dyslexia : looking forward.
650 #0 - SUBJECT ADDED ENTRY--TOPICAL TERM
Topical Term Dyslexia.
700 1# - ADDED ENTRY--PERSONAL NAME
Personal name Fawcett, Angela.
856 40 - ELECTRONIC LOCATION AND ACCESS
Uniform Resource Identifier http://site.ebrary.com/lib/rucke/Doc?id=10235153

No items available.

© 2026 Rongo University
Contact us: librarian | system librarian | Rongo university